VIII Curso Internacional de Expansión Comercial : Barcelona 1914 : comité ejecutivo Barcelona 1914 :
Descripción Física:
[4] p. ; 27 cm
Materias:
Espanya -- Comerç -- Congressos
MARC
| LEADER | 00000nam a2200000Ia 4500 | ||
|---|---|---|---|
| 001 | 19390 | ||
| 008 | 160829s1914 xx 000 0 cat d | ||
| 080 | |a 3402, exp. 2 | ||
| 100 | |a Curso Internacional de Expansión Comercial (8è : 1914 : Barcelona) |9 48391 | ||
| 245 | |a VIII Curso Internacional de Expansión Comercial : |b Barcelona 1914 : |b comité ejecutivo | ||
| 260 | |a Barcelona : |b Imp. Henrich y Comp., |c 1914 | ||
| 300 | |a [4] p. ; |c 27 cm | ||
| 590 | |a Oficinas: Cámara de comercio y Navegación, Barcelona | ||
| 650 | |a Espanya |x Comerç |x Congressos |9 48392 | ||
| 710 | 2 | |a Cambra Oficial de Comerç, Indústria i Navegació de Barcelona |9 55031 | |
| 901 | |a Arxiu | ||
| 942 | |n 1 | ||
| 952 | |0 0 |1 0 |4 0 |6 3402_EXP_2 |7 1 |9 54511 |a Arxiu |b Arxiu |d 2016-12-01 |l 0 |o 3402, exp. 2 |p 19390 |r 2016-12-01 00:00:00 |w 2016-12-01 |y ARXIU | ||
| 999 | |c 58380 |d 58380 | ||